00738cam a2200229 i 4500001000800000005001700008008004100025010001700066020001500083040001800098041000800116080001100124082001400135100000700149101000800156245011600164504004100280906004500321942001200366999001700378952011300395270801020180213042929.0770111s1977 caua b 001 0 eng  a 76043427  a0876206356 aDLCcDLCdDLC aeng a658.4 00a658.4 IVA1 a54 aLID10aOrganizational behavior and performance /cby John M. Ivancevich, Andrew D. Szilagyi, Jr., Marc J. Wallace, Jr. aIncludes bibliographies and indexes. a7bcbccorignewd1eocipf19gy-gencatlg 2ddccBK c42365d42365 00102udc40708PËKGa002b002cPËKGd2018-02-13l0o658.4 IVAp002-2998170r2018-02-13w2018-02-13yBK